| 000 | 00713nam a2200217 a 4500 | ||
|---|---|---|---|
| 005 | 20230510063513.0 | ||
| 008 | 991125s1986 mx 000 0 spa u | ||
| 020 | _a9682305616 | ||
| 035 | _aUPN01000003277 | ||
| 049 | _aCG | ||
| 050 | 4 |
_aGN362 _bL4.38 1986 |
|
| 100 | 1 |
_aLévi-Strauss, Claude, _d1908-2009 _928948 |
|
| 245 | 1 | 0 |
_aAntropología estructural : _bmito, sociedad, humanidades / _cpor Claude Lévi-Strauss ; tr. J. Almela. |
| 260 |
_aMéxico : _bSiglo XXI, _c1986. |
||
| 300 | _a352 p. | ||
| 440 | 0 | _aAntropología | |
| 590 | _a(También localizas un ejemplar en el "Area de Reserva") | ||
| 590 | _aBibliografía Básica (BGTQ) | ||
| 650 | 2 |
_aEstructuralismo (Antropología) _94783 |
|
| 905 | _aLibro | ||
| 999 |
_c3277 _d3277 |
||